| 000 | 005250000a22001930004500 | ||
|---|---|---|---|
| 020 | _a0-8024-1763-9 | ||
| 041 | 0 | _aSPA | |
| 082 | 0 | 4 | _aG 296.155 L4359d |
| 100 | 1 | _aLasor, William Sanford | |
| 245 | 1 | 0 | _aThe dead sea scrolls and the christian faith / William Sanford Lasor |
| 250 | _aRevised edition | ||
| 260 | _aChicago., USA : Instituto Moody | ||
| 300 | _a251 Pag | ||
| 001 | 9036 | ||
| 942 | _cBK | ||
| 999 |
_c39121 _d39121 |
||
| 336 |
_atexto _btxt _2rdacontent |
||
| 337 |
_2rdamedia _asin mediación _bn |
||
| 338 |
_2rdacarrier _avolumen _bnc |
||